| 000 | 00832nam a2200217 a 4500 | ||
|---|---|---|---|
| 001 | BRCA_8905 | ||
| 005 | 20190320210443.0 | ||
| 008 | 190617s1800----sp-#######---#000-0#spa-# | ||
| 041 | _aspa | ||
| 044 | _asp | ||
| 084 |
_aCO68 _b.G37 1800 |
||
| 100 | 1 |
_aGarriga, Josef _922150 |
|
| 245 | 1 | 0 |
_aComtinuacion y suplemento del prontuario de Don Severo Aguirre _bque comprehende las cedulas, resoluciones, &c. expedidos el año de 1799, y algunos de las anteriores _cpor Don Josef Garriga. |
| 260 |
_aMadrid _ben la Imprenta de la viuda e hijo de Marín _c1800 |
||
| 300 |
_aXXIII, 541 p. _c21.1 x 15 cm |
||
| 500 | _aCon privilegio | ||
| 500 | _aEstado físico: presenta encuadernación en pergamino, con lomo semi desprendió | ||
| 650 | 1 | 4 |
_aDerecho civil _yObras anteriores a 1900 _zEspaña _921926 |
| 902 | _aCFM | ||
| 942 |
_2lcc _cB |
||
| 999 |
_c8556 _d8556 |
||